00500 2200193 4500001002100000005001500021035002000036245004300056100004900099250001400148300002800162260003100190082001000221084001600231020001800247650002100265990001000286990001000296INLIS00000000003167920210217084744 a0010-02210001141 aPelayanan Tuhan yesus /cHudy Jayanata0 aHudy Jayanata; Editor : Dwi Kartika Wardhani aCetakan 1 a42 hlm :bIlus ;c22 cm aJakarta :bErlangga,c2009 a741.5 a741.5 HUD p a9789790336469 4aCerita Bergambar a50507 a50508